Phased Array Antennas with Optimized Element Patterns / (Record no. 17136)
[ view plain ]
| 000 -LEADER | |
|---|---|
| fixed length control field | 00774nam a2200229 a 4500 |
| 001 - CONTROL NUMBER | |
| control field | 015831653 |
| 003 - CONTROL NUMBER IDENTIFIER | |
| control field | Uk |
| 005 - DATE AND TIME OF LATEST TRANSACTION | |
| control field | 20121213111102.0 |
| 008 - FIXED-LENGTH DATA ELEMENTS--GENERAL INFORMATION | |
| fixed length control field | 110108s2011 maua b |0|1 0|eng d |
| 020 ## - INTERNATIONAL STANDARD BOOK NUMBER | |
| International Standard Book Number | 1608071901 |
| 020 ## - INTERNATIONAL STANDARD BOOK NUMBER | |
| International Standard Book Number | 9781608071906 |
| 082 04 - DEWEY DECIMAL CLASSIFICATION NUMBER | |
| Classification number | 621.38483 |
| Edition number | 23 |
| Item number | SKO |
| 100 1# - MAIN ENTRY--PERSONAL NAME | |
| Personal name | Skobelev, S. P. |
| Fuller form of name | (Sergeĭ Petrovich), |
| Dates associated with a name | 1953- |
| 9 (RLIN) | 31691 |
| 245 10 - TITLE STATEMENT | |
| Title | Phased Array Antennas with Optimized Element Patterns / |
| Statement of responsibility, etc | Sergei P. Skobelev. |
| 260 ## - PUBLICATION, DISTRIBUTION, ETC. (IMPRINT) | |
| Place of publication, distribution, etc | Boston : |
| Name of publisher, distributor, etc | Artech House, |
| Date of publication, distribution, etc | c2011. |
| 300 ## - PHYSICAL DESCRIPTION | |
| Extent | xxi, 261 p. : |
| Other physical details | ill. ; |
| Dimensions | 26 cm. |
| 490 0# - Series Statement | |
| Series statement | Artech House antennas and propagation series |
| 504 ## - BIBLIOGRAPHY, ETC. NOTE | |
| Bibliography, etc | Includes bibliographical references and index. |
| 650 #0 - SUBJECT ADDED ENTRY--TOPICAL TERM | |
| Topical term or geographic name as entry element | Phased array antennas |
| General subdivision | Design and construction. |
| 9 (RLIN) | 31692 |
| 653 ## - INDEX TERM--UNCONTROLLED | |
| Resource For college | |
| Arrived date list | December2012 |
| 942 ## - ADDED ENTRY ELEMENTS (KOHA) | |
| Source of classification or shelving scheme | Dewey Decimal Classification |
| Item type | Book - Borrowing |
| Withdrawn status | Item status | Source of classification or shelving scheme | Damaged status | Not for loan | Vendor | Home library | Current library | Shelving location | Date acquired | Source of acquisition | Cost, normal purchase price | Serial Enumeration / chronology | Total Checkouts | Total Renewals | Full call number | Barcode | Date last seen | Date last borrowed | Koha item type |
|---|---|---|---|---|---|---|---|---|---|---|---|---|---|---|---|---|---|---|---|
| Dewey Decimal Classification | Baccah | Central Library | Central Library | First floor | 13/12/2012 | 990.00 | 16606 | 1 | 4 | 621.38483 SKO | 000027876 | 15/07/2025 | 13/12/2012 | Book - Borrowing |